Lineal Heavyweight Boxing Champions - Statistics

General Stats
  • This quiz has been taken 323 times
  • The average score is 27 of 44
Answer Stats
Nationality Years Champion Answer % Correct
American 1988-1990 Mike Tyson
96%
American 1964-1967 Muhammad Ali
96%
American 1978-1979 Muhammad Ali
96%
American 1974-1978 Muhammad Ali
95%
British 2015-Present Day Tyson Fury
92%
American 1973-1974 George Foreman
91%
American 1994-1997 George Foreman
91%
American 1970-1973 Joe Frazier
90%
British 1998-2001 Lennox Lewis
90%
British 2001-2004 Lennox Lewis
90%
American 1937-1949 Joe Louis
84%
American 1990-1992 Evander Holyfield
83%
American 1993-1944 Evander Holyfield
83%
American 1952-1956 Rocky Marciano
79%
Ukrainian 2009-2015 Wladimir Klitschko
75%
American 1980-1985 Larry Holmes
72%
American 1908-1915 Jack Johnson
71%
American 1962-1964 Sonny Liston
71%
American 1990-1990 Buster Douglas
70%
American 1978-1978 Leon Spinks
70%
American 1985-1988 Michael Spinks
70%
American 1919-1926 Jack Dempsey
69%
American 1960-1962 Floyd Patterson
58%
American 1992-1993 Riddick Bowe
58%
American 1956-1959 Floyd Patterson
56%
American 2001-2001 Hasim Rahman
50%
American 1994-1944 Michael Moorer
49%
German 1930-1932 Max Schmeling
48%
Sweden 1959-1960 Ingemar Johansson
45%
American 1885-1892 John L. Sullivan
44%
American 1934-1935 Max Baer
44%
American 1951-1952 Jersey Joe Walcott
42%
American 1926-1928 Gene Tunney
41%
American 1997-1998 Shannon Briggs
38%
British 1897-1899 Bob Fitzsimmons
36%
American 1949-1951 Ezzard Charles
35%
Italy 1933-1934 Primo Carnera
35%
American 1935-1937 James J. Braddock
34%
American 1892-1897 James J. Corbett
32%
American 1915-1919 Jess Willard
29%
Canada 1906-1908 Tommy Burns
28%
American 1932-1933 Jack Sharkey
25%
American 1899-1905 James J. Jeffries
25%
American 1905-1906 Marvin Hart
21%
No matching quizzes found
Score Distribution
Percent of People with Each Score
Percentile by Number Answered
Your Score History
You have not taken this quiz